000 00845nam a2200265 a 4500
001 000026197
003 DO-SdBNP
005 20170927083427.0
007 000026197
008 110304s2012 xxu 000 0 spa d
020 _a9781598353075
040 _aBPMSU
_bspa
_cBPMSU
082 4 _aRD861.44
_bJ82m
100 1 _aJorge, Francisco Román ,
_d1968-
245 1 0 _aMujer y patria /
_cFrancisco Román Jorge ; prólogo Antonio Taveras Mejía ; Epílogo Juan Luciano Amadís Rodríguez.
260 0 _aLawrence, MA :
_bCBH Books,
_c2012.
300 _a61 p. ;
_c22 cm.
650 4 _aPOESÍA DOMINICANA
650 4 _aLITERATURA DOMINICANA
700 1 2 _aTaveras Mejía, Antonio,
_epról.
910 _aValidado. Control de calidad MFF
942 _2ddc
_cBK
945 _aInventario / 2017 VM
956 _aVMATEO
_b10
_c20150807
_lBPMSU
_h00151
999 _c8118
_d8118